<?xml version="1.0" encoding="UTF-8"?>
<record
    xmlns:xsi="http://www.w3.org/2001/XMLSchema-instance"
    xsi:schemaLocation="http://www.loc.gov/MARC21/slim http://www.loc.gov/standards/marcxml/schema/MARC21slim.xsd"
    xmlns="http://www.loc.gov/MARC21/slim">

  <leader>00517nam a22001817a 4500</leader>
  <controlfield tag="003">330010</controlfield>
  <controlfield tag="005">20251224092024.0</controlfield>
  <controlfield tag="008">240530b        sa ||||| |||| 00| 0 eng d</controlfield>
  <datafield tag="020" ind1=" " ind2=" ">
    <subfield code="a">9780749455347</subfield>
  </datafield>
  <datafield tag="040" ind1=" " ind2=" ">
    <subfield code="c">3228</subfield>
  </datafield>
  <datafield tag="082" ind1=" " ind2=" ">
    <subfield code="a">658.3142 ARMS</subfield>
  </datafield>
  <datafield tag="100" ind1=" " ind2=" ">
    <subfield code="a">ARMSTRONG, Michael</subfield>
    <subfield code="9">72220</subfield>
  </datafield>
  <datafield tag="245" ind1=" " ind2=" ">
    <subfield code="a">Armstrong's Handbook Of Reward Management Practice:</subfield>
    <subfield code="b">Improving Performance Through Reward</subfield>
  </datafield>
  <datafield tag="250" ind1=" " ind2=" ">
    <subfield code="a">3rd ed.</subfield>
  </datafield>
  <datafield tag="260" ind1=" " ind2=" ">
    <subfield code="a">London</subfield>
    <subfield code="b">Kogan Page</subfield>
    <subfield code="c">2010</subfield>
  </datafield>
  <datafield tag="300" ind1=" " ind2=" ">
    <subfield code="a">viii, 472 pages</subfield>
    <subfield code="c">24 cm</subfield>
  </datafield>
  <datafield tag="942" ind1=" " ind2=" ">
    <subfield code="2">ddc</subfield>
    <subfield code="c">BOOK</subfield>
    <subfield code="y">190</subfield>
    <subfield code="z">Dudu Mondlane</subfield>
  </datafield>
  <datafield tag="999" ind1=" " ind2=" ">
    <subfield code="c">764278</subfield>
    <subfield code="d">764277</subfield>
  </datafield>
  <datafield tag="952" ind1=" " ind2=" ">
    <subfield code="0">0</subfield>
    <subfield code="1">0</subfield>
    <subfield code="2">ddc</subfield>
    <subfield code="4">0</subfield>
    <subfield code="7">0</subfield>
    <subfield code="8">600</subfield>
    <subfield code="a">KANYL</subfield>
    <subfield code="b">KANYL</subfield>
    <subfield code="c">Non_Fiction</subfield>
    <subfield code="d">2024-05-30</subfield>
    <subfield code="l">0</subfield>
    <subfield code="o">658.3142 ARMS</subfield>
    <subfield code="p">3322810057009</subfield>
    <subfield code="r">2024-05-30</subfield>
    <subfield code="w">2024-05-30</subfield>
    <subfield code="y">BOOK</subfield>
  </datafield>
</record>
